Catálogo público

Envases y embalajes de cartón : (Record no. 177476)

MARC details
000 -CABECERA
campo de control de longitud fija 02662nam a2200457Ia 4500
001 - NÚMERO DE CONTROL
campo de control dia_6309
003 - IDENTIFICADOR DEL NÚMERO DE CONTROL
campo de control CHAP
005 - FECHA Y HORA DE LA ÚLTIMA TRANSACCIÓN
campo de control 20230313115358.0
006 - CÓDIGOS DE INFORMACIÓN DE LONGITUD FIJA--CARACTERÍSTICAS DEL MATERIAL ADICIONAL
campo de control de longitud fija m||||fq||d| 0| 0
007 - CAMPO FIJO DE DESCRIPCIÓN FÍSICA--INFORMACIÓN GENERAL
campo de control de longitud fija ta
008 - DATOS DE LONGITUD FIJA--INFORMACIÓN GENERAL
campo de control de longitud fija 220117r20102015mx ao f 001 0 spa d
010 ## - NÚMERO DE CONTROL DE LA BIBLIOTECA DEL CONGRESO
Número de control de LC 177476
020 ## - NÚMERO INTERNACIONAL ESTÁNDAR DEL LIBRO
Número Internacional Estándar del Libro 970-91972-1-5
040 ## - FUENTE DE LA CATALOGACIÓN
Centro/agencia transcriptor CHAP
Centro catalogador/agencia de origen mxchpua
050 ## - SIGNATURA TOPOGRÁFICA DE LA BIBLIOTECA DEL CONGRESO
Número de clasificación TS198.3P3
Número de documento/Ítem . R63 2010
082 ## - NÚMERO DE LA CLASIFICACIÓN DECIMAL DEWEY
Número de clasificación 676.32
Número de documento/Ítem R63 2010
Número de edición 20
100 1# - ENTRADA PRINCIPAL--NOMBRE DE PERSONA
Nombre de persona Rodríguez Tarango, José Antonio
9 (RLIN) 153250
245 10 - MENCIÓN DE TÍTULO
Título Envases y embalajes de cartón :
Resto del título tecnología y desarrollos /
Mención de responsabilidad, etc. José Antonio Rodríguez Tarango ; ilustración Magali Peña Del Olmo y Gonzalo Mingramm M.
246 1# - FORMA VARIANTE DE TÍTULO
Título propio/Titulo breve Envases y embalajes de cartón : desarrollos y tecnología
Texto de visualización Subtítulo invertido
300 ## - DESCRIPCIÓN FÍSICA
Extensión 1 v. (paginación variada) :
Otras características físicas ilustraciones, tablas, fotos +
Material acompañante/anejo 1 CD
490 ## - MENCIÓN DE SERIE
Mención de serie Serie A : Aplicaciones e investigaciones en envase y embalaje (IMPEE)
500 ## - NOTA GENERAL
Nota general El ejemplar 2 es la reimpresión 2015
504 ## - NOTA DE BIBLIOGRAFÍA, ETC.
Nota de bibliografía, etc. Incluye bibliografía
520 ## - SUMARIO, ETC.
Sumario, etc. La gama de posibilidades en las formas y diseños en cajas de cartón es tan amplia como la imaginación del diseñador y las posibilidades técnicas del fabricante (que cada vez son mayores), por lo que ahora hemos publicado un libro con una cantidad nunca antes vista de casi 550 diseños, así mismo hemos decidido que un libro de esta naturaleza resultaría incompleto si tan solo plasmáramos los diseños de cada envase sin considerar los elementos técnicos en el proceso de fabricación de los mismos, por lo que se han incluido capítulos donde se revisa el proceso de manufactura, los materiales comúnmente utilizados, las reglas escritas y no escritas de diseño, los sistemas de impresión con sus posibilidades y limitaciones, sus acabados y, muy importante, en función de que se debe elegir un diseño u otro.
650 13 - PUNTO DE ACCESO ADICIONAL DE MATERIA--TÉRMINO DE MATERIA
Término de materia o nombre geográfico como elemento de entrada Cajas
Subdivisión general Diseño y construcción
9 (RLIN) 161301
650 13 - PUNTO DE ACCESO ADICIONAL DE MATERIA--TÉRMINO DE MATERIA
Término de materia o nombre geográfico como elemento de entrada Cartón
9 (RLIN) 19659
650 13 - PUNTO DE ACCESO ADICIONAL DE MATERIA--TÉRMINO DE MATERIA
Término de materia o nombre geográfico como elemento de entrada Embalaje
Subdivisión general Diseño
9 (RLIN) 161303
650 13 - PUNTO DE ACCESO ADICIONAL DE MATERIA--TÉRMINO DE MATERIA
Término de materia o nombre geográfico como elemento de entrada Recipientes
Subdivisión general Diseño y construcción
9 (RLIN) 160610
650 13 - PUNTO DE ACCESO ADICIONAL DE MATERIA--TÉRMINO DE MATERIA
Término de materia o nombre geográfico como elemento de entrada Boxes
Subdivisión general Design and construction
9 (RLIN) 161300
650 13 - PUNTO DE ACCESO ADICIONAL DE MATERIA--TÉRMINO DE MATERIA
Término de materia o nombre geográfico como elemento de entrada Containers
Subdivisión general Design and construction
9 (RLIN) 161302
650 13 - PUNTO DE ACCESO ADICIONAL DE MATERIA--TÉRMINO DE MATERIA
Término de materia o nombre geográfico como elemento de entrada Packaging
Subdivisión general Design
9 (RLIN) 161305
650 13 - PUNTO DE ACCESO ADICIONAL DE MATERIA--TÉRMINO DE MATERIA
Término de materia o nombre geográfico como elemento de entrada Paperboard
9 (RLIN) 161306
700 1# - PUNTO DE ACCESO ADICIONAL--NOMBRE DE PERSONA
Nombre de persona Mingramm M., Gonzalo
9 (RLIN) 161307
Término indicativo de función/relación ilustrador
700 1# - PUNTO DE ACCESO ADICIONAL--NOMBRE DE PERSONA
Nombre de persona Peña Del Olmo, Magali
9 (RLIN) 161308
Término indicativo de función/relación ilustradora
830 #0 - PUNTO DE ACCESO ADICIONAL DE SERIE-TÍTULO UNIFORME
9 (RLIN) 153251
Título uniforme Serie A : Aplicaciones e investigaciones en envase y embalaje (IMPEE)
942 ## - ELEMENTOS DE PUNTO DE ACCESO ADICIONAL (KOHA)
Tipo de ítem Koha Libro
Fuente del sistema de clasificación o colocación Dewey Decimal Classification
260 ## - PUBLICACIÓN, DISTRIBUCIÓN, ETC.
Lugar de publicación, distribución, etc. México :
Nombre del editor, distribuidor, etc. Instituto Mexicano de Profesionales en Envase y Embalaje,
Fecha de publicación, distribución, etc. 2010
901 ## - ELEMENTOS DE DATOS A LOCAL LDA (RLIN)
a 676.32 R63 2010
902 ## - ELEMENTOS DE DATOS B LOCAL, LDB (RLIN)
a A
905 ## - ELEMENTOS DE DATOS E LOCAL, LDE (RLIN)
a 5232272010 mx admn8222223322spa16
Holdings
Estado de retiro Estado de pérdida Fuente del sistema de clasificación o colocación Estado dañado Restricciones de uso No para préstamo Código de colección Localización permanente Ubicación/localización actual Fecha de adquisición Fuente de adquisición Número de inventario Total de préstamos Signatura topográfica completa Código de barras Fecha visto por última vez Número de copia Precio válido a partir de Tipo de ítem Koha Fecha del último préstamo
    Dewey Decimal Classification   Préstamo interno   General Ingenieria Agroindustrial Ingenieria Agroindustrial 24/06/2010 Compra C/e   676.32 R63 2010 1102001671 18/01/2022 Ej. 1 18/01/2022 Libro  
    Dewey Decimal Classification   Préstamo 5 días   General Ingenieria Agroindustrial Ingenieria Agroindustrial 02/08/2022 Compra Carvann Books F. C37 Consumo 2 676.32 R63 2015 1102014407 14/11/2024 Ej. 2 10/03/2023 Libro 14/11/2024
    Dewey Decimal Classification   Préstamo 5 días   General Ingenieria Agroindustrial Ingenieria Agroindustrial 02/08/2022 Compra Carvann Books F. C37 Consumo   676.32 R63 2010 1102014408 10/03/2023 Ej. 3 10/03/2023 CD